[Event "TUR Cup"]
[Site "Antalya"]
[Date "2019.02.03"]
[Round "11"]
[White "Coban, Hasan"]
[Black "Yusufoglu, Ferit"]
[Result "0-1"]
[WhiteElo "1394"]
[BlackElo "1615"]
[PlyCount "75"]
[EventDate "2019.01.27"]
[EventType "swiss"]
[EventRounds "11"]
[EventCountry "TUR"]
[SourceTitle "CBM 188 Extra"]
[Source "ChessBase"]
[SourceDate "2019.02.28"]
[SourceVersion "1"]
[SourceVersionDate "2019.02.28"]
[SourceQuality "1"]

1. e4 c5 2. Nf3 d6 3. d4 cxd4 4. Qxd4 Nc6 5. Bb5 Bd7 6. Bxc6 Bxc6 7. Nc3 Nf6 8. Bg5 Qc7 9. Qd3 Rc8 10. Nd4 g6 11. f4 Bg7 12. f5 Bd7 13. 0-0-0 a6 14. g4 Nxg4 15. Qe2 Ne5 16. Bxe7 Nc4 17. f6 Qb6 18. b3 Qb4 19. bxc4 Bh6+ 20. Rd2 Qxc3 21. Nb3 Rxc4 22. Kb1 Bxd2 23. Qxd2 Qxd2 24. Nxd2 Rd4 25. Kc1 Bc6 26. Re1 Kd7 27. c3 Ra4 28. Kb2 Re8 29. Kb3 Ra5 30. Nc4 Rb5+ 31. Kc2 Rxe7 32. fxe7 Kxe7 33. e5 dxe5 34. Nxe5 Kf6 35. Ng4+ Kg7 36. Ne5 Rd5 37. c4 Rd4 38. Kc3 0-1

[Event "TUR Cup"]
[Site "Antalya"]
[Date "2019.02.02"]
[Round "10"]
[White "Coban, Hasan"]
[Black "Erdal, Kerem"]
[Result "0-1"]
[WhiteElo "1394"]
[BlackElo "1509"]
[PlyCount "78"]
[EventDate "2019.01.27"]
[EventType "swiss"]
[EventRounds "11"]
[EventCountry "TUR"]
[SourceTitle "CBM 188 Extra"]
[Source "ChessBase"]
[SourceDate "2019.02.28"]
[SourceVersion "1"]
[SourceVersionDate "2019.02.28"]
[SourceQuality "1"]

1. e4 c6 2. Nc3 d5 3. Nf3 Bg4 4. Be2 Bxf3 5. Bxf3 d4 6. Ne2 e5 7. d3 Be7 8. Ng3 Bb4+ 9. Bd2 Bxd2+ 10. Qxd2 g6 11. Be2 Qb6 12. 0-0 Nd7 13. f4 0-0-0 14. b4 h5 15. Rfb1 h4 16. Nh1 f5 17. Nf2 Ngf6 18. Bf3 Qc7 19. b5 c5 20. c3 Qa5 21. Rb3 c4 22. Rb4 cxd3 23. cxd4 Kb8 24. dxe5 fxe4 25. Nxe4 Nd5 26. Rd4 Qxd2 27. Nxd2 N7b6 28. Nb3 Nc3 29. e6 Nxb5 30. Rxd8+ Rxd8 31. Nc5 d2 32. Rd1 Nc4 33. Nxb7 Re8 34. Nc5 Nc3 35. Ra1 Ne3 36. g4 hxg3 37. hxg3 d1Q+ 38. Bxd1 Nexd1 39. Rc1 Ne2+ 0-1

[Event "TUR Cup"]
[Site "Antalya"]
[Date "2019.01.29"]
[Round "4"]
[White "Dorum, Doga Can"]
[Black "Coban, Hasan"]
[Result "1-0"]
[WhiteElo "1595"]
[BlackElo "1394"]
[PlyCount "39"]
[EventDate "2019.01.27"]
[EventType "swiss"]
[EventRounds "11"]
[EventCountry "TUR"]
[SourceTitle "CBM 188 Extra"]
[Source "ChessBase"]
[SourceDate "2019.02.28"]
[SourceVersion "1"]
[SourceVersionDate "2019.02.28"]
[SourceQuality "1"]

1. e4 e5 2. Nf3 Nc6 3. Bc4 Nf6 4. d3 Bc5 5. 0-0 d6 6. c3 h6 7. Re1 0-0 8. Nbd2 Ng4 9. Re2 Qe7 10. h3 Nf6 11. Bb3 Be6 12. Bc2 Nh5 13. Nf1 d5 14. d4 dxe4 15. Bxe4 exd4 16. cxd4 Rad8 17. Be3 Bc4 18. Bd3 Bxd3 19. Qxd3 Qf6 20. Qb5 1-0

[Event "TUR Cup"]
[Site "Antalya"]
[Date "2019.01.28"]
[Round "2"]
[White "Erdal, Emre"]
[Black "Coban, Hasan"]
[Result "1-0"]
[WhiteElo "1615"]
[BlackElo "1394"]
[PlyCount "79"]
[EventDate "2019.01.27"]
[EventType "swiss"]
[EventRounds "11"]
[EventCountry "TUR"]
[SourceTitle "CBM 188 Extra"]
[Source "ChessBase"]
[SourceDate "2019.02.28"]
[SourceVersion "1"]
[SourceVersionDate "2019.02.28"]
[SourceQuality "1"]

1. e4 e5 2. Nf3 Nc6 3. Bc4 Nf6 4. d3 Bc5 5. Nc3 h6 6. 0-0 d6 7. h3 Be6 8. Bb5 Qd7 9. Na4 Bb6 10. Kh2 g5 11. Nxb6 axb6 12. d4 exd4 13. Bxc6 bxc6 14. Qxd4 Ke7 15. Nxg5 Ng4+ 16. hxg4 hxg5+ 17. Kg1 Rag8 18. f3 c5 19. Bxg5+ Ke8 20. Qf6 Rh7 21. Qf4 Rhg7 22. Bf6 Rg6 23. g5 Qb5 24. a4 Qc6 25. Qe3 Kd7 26. f4 Bc4 27. Rf3 Re8 28. Re1 Ba6 29. f5 Rgg8 30. Qb3 c4 31. Qe3 Qxa4 32. b3 cxb3 33. cxb3 Qb5 34. Rh3 Bb7 35. Rh4 Qb4 36. g6 fxg6 37. fxg6 Rxg6 38. Qh3+ Kc6 39. Rc1+ Kb5 40. Qd3+ 1-0